Statistiques concernant Dernier carré de la Ligue des Champions

Cliquez ici pour prendre le quiz!

Statistiques générales

  • Ce quiz a été pris 280 fois
  • Le résultat moyen est 22 sur 26

Statistiques - réponses

Answer % Correct
Liverpool
100%
Real Madrid
100%
Bayern Munich
100%
Manchester United
99%
FC Barcelone
99%
Chelsea
98%
Juventus
98%
Ajax Amsterdam
97%
Borussia Dortmund
97%
Milan AC
97%
Inter Milan
97%
FC Porto
97%
Tottenham Hotspur
96%
Manchester City
95%
Arsenal
95%
Atlético Madrid
94%
AS Monaco
93%
Olympique Lyonnais
88%
AS Rome
84%
Valence CF
79%
Bayer Leverkusen
70%
PSV Eindhoven
54%
Schalke 04
46%
Deportivo La Corogne
34%
Villarreal
32%
Leeds United
20%

Distribution des résultats

Percentile par nombre de réponses

% des personnes avec chaque résultat

Votre développement - résultats

Vous n’avez pas pris ce quiz